| 000 | 00787nam a22002417a 4500 | ||
|---|---|---|---|
| 001 | 114 | ||
| 003 | FISKH | ||
| 005 | 20240524153802.0 | ||
| 008 | 230228b cb ||||| |||| 00| 0 eng d | ||
| 040 |
_aFISKH _beng _cFISKH |
||
| 050 | _aPZ7.S899 | ||
| 082 | _a428.6 | ||
| 100 | _aStrasser, Todd | ||
| 245 |
_aHelp! I'm trapped in the first day of summer camp / _bJake's first day might be his last / _cTodd Strasser |
||
| 260 |
_aNew York : _bScholastic , _c1997. |
||
| 300 |
_a148 pages : _c20 cm |
||
| 505 | _aK | ||
| 520 | _aJake Sherman keeps having to relive the first day of summer camp,including the bus ride and the chop suey for lunch, and it's getting really boring. | ||
| 521 | 8 |
_a590
_bLexile |
|
| 521 | 8 |
_aK
_bRaz-Plus |
|
| 650 | _aSummer Camp | ||
| 942 |
_2ddc _cBK _n0 |
||
| 999 |
_c114 _d114 |
||